सफल गृह-वाटिका : (Record no. 111351)

MARC details
000 -LEADER
fixed length control field 01232nam a22002657a 4500
005 - DATE AND TIME OF LATEST TRANSACTION
control field 20170124102922.0
010 ## - LIBRARY OF CONGRESS CONTROL NUMBER
LC control number B-139334
020 ## - INTERNATIONAL STANDARD BOOK NUMBER
International Standard Book Number 8188463000
Terms of availability 150.00
035 ## - SYSTEM CONTROL NUMBER
System control number B-139334
037 ## - SOURCE OF ACQUISITION
Source of stock number/acquisition Cen Lib/Ret
040 ## - CATALOGING SOURCE
Original cataloging agency DPL
Language of cataloging HN
082 ## - DEWEY DECIMAL CLASSIFICATION NUMBER
Classification number 635
Edition number भाटिया
100 ## - MAIN ENTRY--PERSONAL NAME
Personal name भाटिया, सुदर्शन
9 (RLIN) 110000
245 ## - TITLE STATEMENT
Title सफल गृह-वाटिका :
Statement of responsibility, etc सुदर्शन भाटिया
Remainder of title किचन गार्डनिंग की सम्पूर्ण जानकारी /
246 ## - VARYING FORM OF TITLE
Title proper/short title Safal Grah-vatika : kitchen gardening ki sampurn jankari /
Remainder of title by Sudarshan Bhartia
260 ## - PUBLICATION, DISTRIBUTION, ETC. (IMPRINT)
Place of publication, distribution, etc दिल्ली
Name of publisher, distributor, etc सुन्दर साहित्य सदन
Date of publication, distribution, etc 2003
270 ## - ADDRESS
Address गली बेरी वाली , कूचा पातीराम
City दिल्ली
Postal code 110006
300 ## - PHYSICAL DESCRIPTION
Extent 128पृ
Dimensions 19सेमी(सजिल्द)
500 ## - GENERAL NOTE
General note ग्रन्थ सूची शामिल
650 ## - SUBJECT ADDED ENTRY--TOPICAL TERM
Topical term or geographic name as entry element Kitchen gardens
9 (RLIN) 110001
650 ## - SUBJECT ADDED ENTRY--TOPICAL TERM
Topical term or geographic name as entry element Vegetable gardening
9 (RLIN) 33948
650 ## - SUBJECT ADDED ENTRY--TOPICAL TERM
Topical term or geographic name as entry element रसोई उद्यान
9 (RLIN) 3679
650 ## - SUBJECT ADDED ENTRY--TOPICAL TERM
Topical term or geographic name as entry element वनस्पति उद्यान
9 (RLIN) 110002
942 ## - ADDED ENTRY ELEMENTS (KOHA)
Source of classification or shelving scheme Dewey Decimal Classification
Koha item type Hindi Books
Classification part 635
Call number suffix भाटिया
Holdings
Withdrawn status Lost status Damaged status Not for loan Home library Current library Date acquired Source of acquisition Cost, normal purchase price Total Checkouts Total Renewals Full call number Barcode Date last seen Date checked out Copy number Cost, replacement price Price effective from Koha item type
        Central Library Central Library 01/08/2015 Cen Lib/Ret 150.00 6 8 635 भाटिया B-139334 01/12/2021 20/10/2021 1 150.00 15/09/2016 Hindi Books

© Delhi Public Library
Hit Counter
free hit counter